000 00507nam a2200193Ia 4500
008 151119s9999||||xx |||||||||||||| ||und||
082 _a332.4
082 _bGKKV17806
100 _aवाघे सुरेश
245 _aनाणेपुराण
260 _a--
260 _b--
260 _c2000
600 _aवाघे सुरेश
630 _aनाणेपुराण
700 _aवाघे सुरेश
730 _aनाणेपुराण
942 _cBOOK
999 _c1070932
_d1070929